[Event "Madrid San Viator op-A 30th"]
[Site "Madrid"]
[Date "2018.05.06"]
[Round "4"]
[White "Rojo Jorge, Luis"]
[Black "Sotoca Aguado, Jose"]
[Result "0-1"]
[WhiteElo "1654"]
[BlackElo "1847"]
[PlyCount "70"]
[EventDate "2018.04.08"]
[EventType "swiss"]
[EventRounds "9"]
[EventCountry "ESP"]
[SourceTitle "EXT 2019"]
[Source "ChessBase"]
[SourceDate "2018.10.10"]
[SourceVersion "1"]
[SourceVersionDate "2018.10.10"]
[SourceQuality "1"]

1. e4 c6 2. d4 d5 3. Nc3 dxe4 4. Nxe4 Nf6 5. Nxf6+ exf6 6. Bf4 Bd6 7. Qe2+ Be6 8. Bxd6 Qxd6 9. 0-0-0 0-0 10. Kb1 Na6 11. h4 Rfe8 12. Qd2 Nb4 13. a3 Nd5 14. f3 b5 15. g4 a5 16. g5 Bf5 17. gxf6 Qxf6 18. Ne2 b4 19. Ka2 Ne3 20. Rc1 Nxf1 21. Rhxf1 Qe6+ 22. d5 Qxe2 23. Qxe2 Rxe2 24. dxc6 Rc8 25. Rfd1 Kf8 26. Rd6 Ke7 27. Rd4 Rxc6 28. axb4 axb4 29. Rxb4 Rcxc2 30. Rb7+ Kf6 31. Rd1 Be6+ 32. Kb1 Rc4 33. Rb6 Rxh4 34. Rg1 Rf4 35. Rh1 Rxf3 0-1

[Event "Madrid San Viator op-B 29th"]
[Site "Madrid"]
[Date "2017.11.12"]
[Round "9"]
[White "Rojo Jorge, Luis"]
[Black "San Felipe Gonzalez, Tomas"]
[Result "1/2-1/2"]
[WhiteElo "1525"]
[BlackElo "1689"]
[PlyCount "168"]
[EventDate "2017.09.17"]
[EventType "swiss"]
[EventRounds "9"]
[EventCountry "ESP"]
[SourceTitle "EXT 2019"]
[Source "ChessBase"]
[SourceDate "2018.10.10"]
[SourceVersion "1"]
[SourceVersionDate "2018.10.10"]
[SourceQuality "1"]

1. e4 c5 2. f4 Nc6 3. Nc3 a6 4. Nf3 d6 5. d3 g6 6. Be2 Bg7 7. 0-0 Nd4 8. Nd5 e6 9. Ne3 Bd7 10. c3 Nxf3+ 11. Bxf3 Bc6 12. f5 Ne7 13. fxe6 fxe6 14. Bg4 Bd7 15. Nc4 Qc7 16. Bf4 e5 17. Bxd7+ Qxd7 18. Nb6 Qd8 19. Nxa8 exf4 20. Rxf4 Qxa8 21. Qg4 Qc8 22. Qxc8+ Nxc8 23. Raf1 Rf8 24. Rxf8+ Bxf8 25. Kf2 Nb6 26. b3 Bg7 27. c4 Ke7 28. Kg3 Nd7 29. h4 h6 30. h5 Bd4 31. Kh4 g5+ 32. Kg4 Ke6 33. Kf3 Bg7 34. Rb1 a5 35. Rd1 Nf6 36. d4 cxd4 37. Rxd4 Nxh5 38. Rd5 b6 39. Rb5 Bd4 40. a3 Nf4 41. b4 axb4 42. axb4 Ng6 43. Rd5 Ne5+ 44. Ke2 Bc3 45. c5 bxc5 46. bxc5 dxc5 47. Rxc5 Bd4 48. Ra5 Nf7 49. Kd3 Bf6 50. Ra6+ Nd6 51. Ke3 h5 52. Kf3 Be5 53. Ra5 g4+ 54. Ke2 Nxe4 55. Ra8 Kf5 56. Rf8+ Nf6 57. Ke3 Kg5 58. Ra8 Bf4+ 59. Ke2 Kh4 60. Ra3 Bg3 61. Re3 Nd5 62. Ra3 Nf4+ 63. Kf1 Nd5 64. Rd3 Nf6 65. Ra3 Kg5 66. Rxg3 Ne4 67. Ra3 Kf4 68. Ra5 h4 69. Ra4 Ke3 70. Ra3+ Kf4 71. Ra8 h3 72. gxh3 gxh3 73. Rh8 Kg3 74. Kg1 Ng5 75. Rg8 Kh4 76. Kf2 Kg4 77. Ra8 Ne4+ 78. Kg1 Kg3 79. Ra3+ Kg4 80. Kh2 Ng5 81. Ra4+ Kf3 82. Rh4 Ke3 83. Rh5 Kf4 84. Rh4+ Kf5 1/2-1/2

[Event "Madrid San Viator op-B 29th"]
[Site "Madrid"]
[Date "2017.10.22"]
[Round "5"]
[White "Merino Araguas, Jose Javier"]
[Black "Rojo Jorge, Luis"]
[Result "1-0"]
[WhiteElo "1680"]
[BlackElo "1525"]
[PlyCount "55"]
[EventDate "2017.09.17"]
[EventType "swiss"]
[EventRounds "9"]
[EventCountry "ESP"]
[SourceTitle "EXT 2019"]
[Source "ChessBase"]
[SourceDate "2018.10.10"]
[SourceVersion "1"]
[SourceVersionDate "2018.10.10"]
[SourceQuality "1"]

1. d4 Nf6 2. Nf3 g6 3. c4 d5 4. Nc3 Bg7 5. Bg5 e6 6. e3 0-0 7. Bd3 c5 8. cxd5 cxd4 9. Nxd4 exd5 10. Qb3 Nc6 11. 0-0 Re8 12. Bb5 Nxd4 13. exd4 Re6 14. Bxf6 Bxf6 15. Nxd5 Bxd4 16. Rad1 Bg7 17. Bc4 Rd6 18. Rfe1 b6 19. Ne7+ Kh8 20. Rxd6 Qxd6 21. Bd5 Rb8 22. Nc6 Rb7 23. Re8+ Bf8 24. Rxc8 Kg8 25. Rd8 Qc5 26. g3 Rc7 27. Qc3 Qb5 28. Rxf8+ 1-0

[Event "Madrid San Viator op 24th"]
[Site "Madrid"]
[Date "2015.05.24"]
[Round "8"]
[White "Rojo Jorge, Luis"]
[Black "Martin Almenara, Alejandro"]
[Result "0-1"]
[WhiteElo "1433"]
[BlackElo "1616"]
[PlyCount "106"]
[EventDate "2015.03.22"]
[EventType "swiss"]
[EventRounds "9"]
[EventCountry "ESP"]
[SourceTitle "EXT 2016"]
[Source "ChessBase"]
[SourceDate "2015.10.08"]
[SourceVersion "1"]
[SourceVersionDate "2015.10.08"]
[SourceQuality "1"]

1. d4 Nf6 2. Nc3 e6 3. e4 Bb4 4. Bg5 h6 5. Bxf6 Qxf6 6. Qd2 b6 7. a3 Be7 8. Nb5 Bd8 9. 0-0-0 a6 10. Nc3 Bb7 11. Bd3 Qxd4 12. Nf3 Qc5 13. Kb1 Nc6 14. h4 Bf6 15. g4 0-0-0 16. g5 hxg5 17. hxg5 Bd4 18. Nxd4 Nxd4 19. Qe3 e5 20. f4 exf4 21. Qxf4 Ne6 22. Qxf7 Qxg5 23. Qf1 Qf4 24. Bxa6 Qxf1 25. Bxb7+ Kxb7 26. Rhxf1 g5 27. b4 d6 28. Nb5 g4 29. Rg1 Rhg8 30. Rd2 Nf4 31. Kc1 g3 32. Nd4 Rde8 33. Ne2 Rxe4 34. Kd1 Nxe2 35. Rxe2 Rxe2 36. Kxe2 Kc6 37. c4 b5 38. cxb5+ Kxb5 39. Kd3 g2 40. Kc2 Ka4 41. Kb2 Rg3 42. Kc2 Rxa3 43. Kb2 Rg3 44. Kc2 Kxb4 45. Kd2 c5 46. Rb1+ Kc4 47. Rg1 Kd4 48. Ke2 c4 49. Kd2 c3+ 50. Kc2 Kc4 51. Kc1 d5 52. Kc2 d4 53. Kd1 d3 0-1